000 00408nam a2200133Ia 4500
008 231129s9999||||xx |||||||||||||| ||spa||
020 _a958-612-129-1
040 _bspa
082 _a306 P661c
100 _aPinzon Carlos E
245 0 _aCultura y salud en la construccion de las Americas
264 _aInstituto Colombiano de Antropologia/Colcultura
942 _2ddc
_cBKS
999 _c8605
_d8605